<?xml version="1.0" encoding="UTF-8"?>
<collection xmlns="http://www.loc.gov/MARC21/slim">
 <record>
  <leader>03904cam a2200661   4500</leader>
  <controlfield tag="001">1602570264</controlfield>
  <controlfield tag="003">DE-627</controlfield>
  <controlfield tag="005">20250113132145.0</controlfield>
  <controlfield tag="007">tu</controlfield>
  <controlfield tag="008">061123s2007    gw ||||| c    00| ||ger c</controlfield>
  <datafield tag="020" ind1=" " ind2=" ">
   <subfield code="a">9783422066731</subfield>
   <subfield code="9">978-3-422-06673-1</subfield>
  </datafield>
  <datafield tag="020" ind1=" " ind2=" ">
   <subfield code="a">342206673X</subfield>
   <subfield code="9">3-422-06673-X</subfield>
  </datafield>
  <datafield tag="035" ind1=" " ind2=" ">
   <subfield code="a">(DE-627)1602570264</subfield>
  </datafield>
  <datafield tag="035" ind1=" " ind2=" ">
   <subfield code="a">(DE-576)259241466</subfield>
  </datafield>
  <datafield tag="035" ind1=" " ind2=" ">
   <subfield code="a">(DE-599)DNB981598498</subfield>
  </datafield>
  <datafield tag="035" ind1=" " ind2=" ">
   <subfield code="a">(OCoLC)180962760</subfield>
  </datafield>
  <datafield tag="035" ind1=" " ind2=" ">
   <subfield code="a">(OCoLC)180962760</subfield>
  </datafield>
  <datafield tag="040" ind1=" " ind2=" ">
   <subfield code="a">DE-627</subfield>
   <subfield code="b">ger</subfield>
   <subfield code="c">DE-627</subfield>
   <subfield code="e">rakwb</subfield>
  </datafield>
  <datafield tag="041" ind1=" " ind2=" ">
   <subfield code="a">ger</subfield>
  </datafield>
  <datafield tag="044" ind1=" " ind2=" ">
   <subfield code="c">XA-DE-BY</subfield>
  </datafield>
  <datafield tag="082" ind1="0" ind2=" ">
   <subfield code="a">759.9492</subfield>
  </datafield>
  <datafield tag="084" ind1=" " ind2=" ">
   <subfield code="a">LI 45095</subfield>
   <subfield code="2">rvk</subfield>
   <subfield code="0">(DE-625)rvk/96350:</subfield>
  </datafield>
  <datafield tag="245" ind1="1" ind2="0">
   <subfield code="a">Gemaltes Licht</subfield>
   <subfield code="b">die Stilleben von Willem Kalf 1619 - 1693; Museum Boijmans Van Beuningen, Rotterdam, 25. November 2006 bis 18. Februar 2007; Suermondt-Ludwig-Museum, Aachen, 8. März bis 3. Juni 2007; aus Anlass der Ausstellung Willem Kalf (1619 - 1693) vom 25. November 2006 bis 18. Februar 2007 in Rotterdam, Museum Boijmans Van Beuningen, und der Ausstellung Gemaltes Licht. Die Stilleben von Willem Kalf (1619 - 1693) vom 8. März bis 3. Juni 2007 in Aachen, Suermondt-Ludwig-Museum</subfield>
   <subfield code="c">Katalog Konzeption Jeroen Giltaij. Autoren: Sylvia Böhmer ...</subfield>
  </datafield>
  <datafield tag="264" ind1=" " ind2="1">
   <subfield code="a">München</subfield>
   <subfield code="a">Berlin</subfield>
   <subfield code="b">Deutscher Kunstverlag</subfield>
   <subfield code="c">2007</subfield>
  </datafield>
  <datafield tag="300" ind1=" " ind2=" ">
   <subfield code="a">168 S.</subfield>
   <subfield code="b">zahlr. Ill.</subfield>
  </datafield>
  <datafield tag="336" ind1=" " ind2=" ">
   <subfield code="a">Text</subfield>
   <subfield code="b">txt</subfield>
   <subfield code="2">rdacontent</subfield>
  </datafield>
  <datafield tag="336" ind1=" " ind2=" ">
   <subfield code="a">unbewegtes Bild</subfield>
   <subfield code="b">sti</subfield>
   <subfield code="2">rdacontent</subfield>
  </datafield>
  <datafield tag="337" ind1=" " ind2=" ">
   <subfield code="a">ohne Hilfsmittel zu benutzen</subfield>
   <subfield code="b">n</subfield>
   <subfield code="2">rdamedia</subfield>
  </datafield>
  <datafield tag="338" ind1=" " ind2=" ">
   <subfield code="a">Band</subfield>
   <subfield code="b">nc</subfield>
   <subfield code="2">rdacarrier</subfield>
  </datafield>
  <datafield tag="583" ind1="1" ind2=" ">
   <subfield code="a">Archivierung/Langzeitarchivierung gewährleistet</subfield>
   <subfield code="c">20211025</subfield>
   <subfield code="f">SLG</subfield>
   <subfield code="x">XA-DE-BW</subfield>
   <subfield code="z">Buchnachlass</subfield>
   <subfield code="2">pdager</subfield>
   <subfield code="5">DE-25</subfield>
  </datafield>
  <datafield tag="583" ind1="1" ind2=" ">
   <subfield code="a">Archivierung/Langzeitarchivierung gewährleistet</subfield>
   <subfield code="c">20211220</subfield>
   <subfield code="f">SLG</subfield>
   <subfield code="x">XA-DE-BW</subfield>
   <subfield code="z">Provenienz</subfield>
   <subfield code="2">pdager</subfield>
   <subfield code="5">DE-25</subfield>
  </datafield>
  <datafield tag="650" ind1=" " ind2="4">
   <subfield code="a">Rotterdam ; 2006</subfield>
  </datafield>
  <datafield tag="650" ind1=" " ind2="4">
   <subfield code="a">Aachen ; 2007</subfield>
  </datafield>
  <datafield tag="655" ind1=" " ind2="7">
   <subfield code="a">Ausstellungskatalog</subfield>
   <subfield code="y">2006</subfield>
   <subfield code="z">Rotterdam</subfield>
   <subfield code="0">(DE-588)4135467-9</subfield>
   <subfield code="0">(DE-627)10566491X</subfield>
   <subfield code="0">(DE-576)209660988</subfield>
   <subfield code="2">gnd-content</subfield>
  </datafield>
  <datafield tag="689" ind1="0" ind2="0">
   <subfield code="d">p</subfield>
   <subfield code="0">(DE-588)118714899</subfield>
   <subfield code="0">(DE-627)079496652</subfield>
   <subfield code="0">(DE-576)209329653</subfield>
   <subfield code="a">Kalf, Willem</subfield>
   <subfield code="d">1619-1693</subfield>
   <subfield code="2">gnd</subfield>
  </datafield>
  <datafield tag="689" ind1="0" ind2="1">
   <subfield code="d">s</subfield>
   <subfield code="0">(DE-588)4037220-0</subfield>
   <subfield code="0">(DE-627)10623871X</subfield>
   <subfield code="0">(DE-576)209022892</subfield>
   <subfield code="a">Malerei</subfield>
   <subfield code="2">gnd</subfield>
  </datafield>
  <datafield tag="689" ind1="0" ind2="2">
   <subfield code="d">s</subfield>
   <subfield code="0">(DE-588)4057577-9</subfield>
   <subfield code="0">(DE-627)106150502</subfield>
   <subfield code="0">(DE-576)209122560</subfield>
   <subfield code="a">Stillleben</subfield>
   <subfield code="2">gnd</subfield>
  </datafield>
  <datafield tag="689" ind1="0" ind2="3">
   <subfield code="a">z</subfield>
   <subfield code="2">gnd</subfield>
   <subfield code="a">Geschichte 1642-1680</subfield>
  </datafield>
  <datafield tag="689" ind1="0" ind2=" ">
   <subfield code="5">DE-101</subfield>
  </datafield>
  <datafield tag="700" ind1="1" ind2=" ">
   <subfield code="a">Giltaij, Jeroen</subfield>
   <subfield code="d">1945-</subfield>
   <subfield code="e">Hrsg.</subfield>
   <subfield code="0">(DE-588)1027843166</subfield>
   <subfield code="0">(DE-627)729901645</subfield>
   <subfield code="0">(DE-576)166018104</subfield>
   <subfield code="4">edt</subfield>
  </datafield>
  <datafield tag="700" ind1="1" ind2=" ">
   <subfield code="a">Kalf, Willem</subfield>
   <subfield code="d">1619-1693</subfield>
   <subfield code="e">Ill.</subfield>
   <subfield code="0">(DE-588)118714899</subfield>
   <subfield code="0">(DE-627)079496652</subfield>
   <subfield code="0">(DE-576)209329653</subfield>
   <subfield code="4">ill</subfield>
  </datafield>
  <datafield tag="700" ind1="1" ind2=" ">
   <subfield code="a">Böhmer, Sylvia</subfield>
   <subfield code="0">(DE-588)1037995074</subfield>
   <subfield code="0">(DE-627)756523478</subfield>
   <subfield code="0">(DE-576)392019310</subfield>
   <subfield code="4">oth</subfield>
  </datafield>
  <datafield tag="710" ind1="2" ind2=" ">
   <subfield code="a">Museum Boijmans van Beuningen</subfield>
   <subfield code="0">(DE-588)1007928-2</subfield>
   <subfield code="0">(DE-627)103113401</subfield>
   <subfield code="0">(DE-576)191174971</subfield>
   <subfield code="4">oth</subfield>
  </datafield>
  <datafield tag="710" ind1="2" ind2=" ">
   <subfield code="a">Suermondt-Ludwig-Museum</subfield>
   <subfield code="0">(DE-588)2046972-X</subfield>
   <subfield code="0">(DE-627)102924198</subfield>
   <subfield code="0">(DE-576)191956821</subfield>
   <subfield code="4">oth</subfield>
  </datafield>
  <datafield tag="711" ind1="2" ind2=" ">
   <subfield code="a">Tentoonstelling Willem Kalf</subfield>
   <subfield code="d">2006 - 2007</subfield>
   <subfield code="c">Rotterdam; Aachen</subfield>
   <subfield code="0">(DE-588)10155263-4</subfield>
   <subfield code="0">(DE-627)521926963</subfield>
   <subfield code="0">(DE-576)25997689X</subfield>
   <subfield code="4">oth</subfield>
  </datafield>
  <datafield tag="787" ind1="0" ind2="8">
   <subfield code="i">Rezensiert in</subfield>
   <subfield code="a">Segal, Sam, 1933 - 2018</subfield>
   <subfield code="t">[Rezension von: Jeroen Giltaij (Hrsg.), Gemaltes Licht. Die Stilleben von Willem Kalf 1619-1693]</subfield>
   <subfield code="d">2007</subfield>
   <subfield code="w">(DE-627)1860828884</subfield>
  </datafield>
  <datafield tag="787" ind1="0" ind2="8">
   <subfield code="i">Rezensiert in</subfield>
   <subfield code="a">Pénot, Sabine</subfield>
   <subfield code="t">[Rezension von: Jeroen Giltaij (Hrsg.), Gemaltes Licht]</subfield>
   <subfield code="d">2007</subfield>
   <subfield code="w">(DE-627)1914466721</subfield>
  </datafield>
  <datafield tag="856" ind1="4" ind2="2">
   <subfield code="u">https://swbplus.bsz-bw.de/bsz259241466rez.htm</subfield>
   <subfield code="m">V:DE-576</subfield>
   <subfield code="q">text/html</subfield>
   <subfield code="3">Rezension</subfield>
  </datafield>
  <datafield tag="856" ind1="4" ind2="2">
   <subfield code="u">https://swbplus.bsz-bw.de/bsz259241466rez-1.htm</subfield>
   <subfield code="m">V:DE-576</subfield>
   <subfield code="q">text/html</subfield>
   <subfield code="3">Rezension</subfield>
  </datafield>
  <datafield tag="856" ind1="4" ind2="2">
   <subfield code="u">https://swbplus.bsz-bw.de/bsz259241466inh.htm</subfield>
   <subfield code="m">V:DE-576</subfield>
   <subfield code="q">application/pdf</subfield>
   <subfield code="3">Inhaltsverzeichnis</subfield>
  </datafield>
  <datafield tag="936" ind1="r" ind2="v">
   <subfield code="a">LI 45095</subfield>
   <subfield code="b">Kalf, Willem</subfield>
   <subfield code="k">Kunstgeschichte</subfield>
   <subfield code="k">Künstler-Monografien</subfield>
   <subfield code="k">Alphabetische Künstlerliste</subfield>
   <subfield code="k">Künstler K</subfield>
   <subfield code="k">Kalf, Willem</subfield>
   <subfield code="0">(DE-627)1271134179</subfield>
   <subfield code="0">(DE-625)rvk/96350:</subfield>
   <subfield code="0">(DE-576)201134179</subfield>
  </datafield>
  <datafield tag="951" ind1=" " ind2=" ">
   <subfield code="a">BO</subfield>
  </datafield>
  <datafield tag="990" ind1=" " ind2=" ">
   <subfield code="a">Kalf, Willem</subfield>
  </datafield>
  <datafield tag="990" ind1=" " ind2=" ">
   <subfield code="a">Malerei</subfield>
  </datafield>
  <datafield tag="990" ind1=" " ind2=" ">
   <subfield code="a">Stillleben</subfield>
  </datafield>
  <datafield tag="990" ind1=" " ind2=" ">
   <subfield code="a">Geschichte 1642-1680</subfield>
  </datafield>
  <datafield tag="991" ind1=" " ind2=" ">
   <subfield code="a">Rezensiertes Werk</subfield>
  </datafield>
  <datafield tag="999" ind1=" " ind2=" ">
   <subfield code="a">KXP-PPN1602570264</subfield>
   <subfield code="e">4396454465</subfield>
  </datafield>
 </record>
</collection>
